| 000 | 00669cam a22002413a 4500 | ||
|---|---|---|---|
| 001 | 30381 | ||
| 003 | PGUSA | ||
| 005 | 20140828083645.0 | ||
| 008 | 091101s2009||||xxu|||||s|||||000 1 eng d | ||
| 040 |
_aPGUSA _beng |
||
| 042 | _adc | ||
| 100 | 1 | _aHaseltine, Robert W. | |
| 245 | 1 | 0 |
_aPrelude to Space _h[electronic resource] / _cRobert W. Haseltine |
| 260 |
_bProject Gutenberg, _c2009 |
||
| 506 | _aPublic domain in the USA. | ||
| 516 | _aElectronic text | ||
| 653 | _aScience fiction | ||
| 653 | _aShort stories | ||
| 700 | 1 |
_aTerry, W. E., _d1921-1992 |
|
| 830 | 0 |
_aProject Gutenberg _v30381 |
|
| 856 | 4 | 0 | _uhttp://www.gutenberg.org/ebooks/30381 |
| 942 | _cEB | ||
| 999 |
_c259636 _d259636 |
||